000 00651nam a2200229Ia 4500
003 OSt
005 20220925220453.0
006 a|||||r|||| 00| 0
007 ta
008 220923b |||||||| |||| 00| 0 eng d
037 _cGeneral Book
040 _aRTL
_cRTL
_beng
041 _2eng
_aeng
082 _aYxN02:g, M1
100 _aSavage Stephen P
_9284863
245 0 _aTheories of Talcott Parsons
_b The social relations
260 _aLondon
_bMacmillan
_c1981
300 _axiii,279p
_ccm.
500 _aBibliography : P 151-174
942 _hYxN02:g, M1
_cGB
_2CC
999 _c571574
_d571574